000 00310nam a2200121Ia 4500
008 220120s9999||||xx |||||||||||||| ||und||
082 _a823 DRU
100 _aDruon, Maurice
_911958
245 4 _aThe iron king
260 _aHarper Business
_bNew Delhi
_c2013
300 _a525p.
_b150
650 _aDATA STRUCTURES
999 _c137504
_d137504